000
00316nam a22001217a 4500
999
_c
1776
_d
1776
008
200203b ||||| |||| 00| 0 eng d
100
_9
1387
_a
Srekanth, R. A. (Ed.)
245
1
0
_a
Car and driving, Calcutta 96-97
260
_a
Calcutta
_b
Rupa Publication
_c
c
300
_a
x
650
0
_a
Automobiles Motors
942
_c
BK